Catholic University of Zimbabwe Library
Online Public Access Catalogue
(OPAC)

Mind power (Record no. 8579)

MARC details
000 -LEADER
fixed length control field 00369 a2200133 4500
020 ## - INTERNATIONAL STANDARD BOOK NUMBER
International Standard Book Number 0969755147
005 - DATE AND TIME OF LATEST TRANSACTION
control field 20191017172215.0
084 ## - OTHER CLASSIFICATION NUMBER
Classification number BF1156.S8 K44 1997
245 ## - TITLE STATEMENT
Title Mind power
Remainder of title : Into the 21st century
Medium print
260 ## - PUBLICATION, DISTRIBUTION, ETC.
Place of publication, distribution, etc. bcc
Name of publisher, distributor, etc. Zoetic
Date of publication, distribution, etc. 1997
300 ## - PHYSICAL DESCRIPTION
Extent 148 p. : ill.
Other physical details 23 cm.
Dimensions 148 p. : ill. ; 23 cm.
500 ## - GENERAL NOTE
General note John Kehoe.
650 ## - SUBJECT ADDED ENTRY--TOPICAL TERM
Topical term or geographic name entry element Social psychology
700 ## - ADDED ENTRY--PERSONAL NAME
Personal name Kehoe, John.

No items available.

OPENING HOURS

Weekdays: 0815hrs - 1800hrs
Weekends:0900hrs - 1200hrs

Closed for Mass:

Mon, Thur: 1200hrs - 1300hrs
Sunday & Public Holiday’s

CALL SUPPORT

0242-570570, 0242-570169
09200664, +263 8644140602

LOCATION

18443, Cranborne Avenue, Hatfield, Harare

Other Links


©2021 | CUZ Library